Pathophysiology of coronary circulation

Elmentve itt :
Bibliográfiai részletek
Szerző: Szakács Júlia
Dokumentumtípus: Könyv
Kulcsszavak:szívbetegségek
kórtan
Tárgyszavak:
Online Access:http://eta.bibl.u-szeged.hu/922
LEADER 00649nnm a2200205 i 4500
001 eta922
005 20190424134818.0
008 181128suuuu hu o 0|| eng d
040 |a SZTE Elektronikus Tananyag Archívum  |b hun 
041 |a eng 
100 1 |a Szakács Júlia 
245 1 0 |a Pathophysiology of coronary circulation  |h [elektronikus dokumentum] /  |c  Szakács Júlia 
300 |a 33 
516 |a Book 
650 4 |a Orvos- és egészségtudomány 
650 4 |a Klinikai orvostan 
650 4 |a Szív és keringési rendszer 
695 |a szívbetegségek 
695 |a kórtan 
856 4 0 |u https://eta.bibl.u-szeged.hu/922/1/cad_eng.pdf  |z Dokumentum-elérés